Vylúčení

Bibliographic Details
Main Author: Domosławski, Artur, 1967- (Author)
Other Authors: Horák, Alexander (Translator)
Format: Book
Language:Slovak
Polish
PhysicalDescription:513 strán 1 portrét 19 cm
Published: Žilina Absynt 2018
ISBN:9788082030146
Series:Prekliati reportéri
Subjects:

MARC

LEADER 00000cam a2200000 4500
001 vtls011753430
003 SK-MaSNL
005 20260301183128.0
008 200612s2018 xo c g 000 1dslo
015 |a SNBA2018/07 
020 |a 9788082030146  |q (brožované) 
035 |a urn:nbn:sk:snk-am00dm5u 
035 |a urn:nbn:sk:snk-am3i6tm 
035 |a 05ADDBCE-B6A6-41D8-8171-ADCD95A217FC 
038 |a PPPK 
040 |a SNK  |b slo  |c SNK  |e rda 
041 1 |a slo  |h pol 
044 |a xo  |c SK 
072 7 |a 364  |x Sociálne problémy vyžadujúce podporu a pomoc. Sociálne zabezpečenie  |2 konspekt 
080 |a 316.344.7  |2 2011 
080 |a 364.662  |2 2011 
080 |a 364.6  |2 2011 
080 |a (0:82-4)  |2 2011 
100 1 |a Domosławski, Artur,  |d 1967-  |4 aut  |9 174043 
240 1 0 |a Wykluczeni  |l Slovensky 
245 1 0 |a Vylúčení  |c Alexander Domosławski ; preklad: Alexander Horák 
264 1 |a Žilina  |b Absynt  |c 2018 
300 |a 513 strán  |b 1 portrét  |c 19 cm 
336 |a text  |b txt  |2 rdacontent 
337 |a bez média  |b nc  |2 rdamedia 
338 |a zväzok  |b nc  |2 rdacarrier 
490 1 |a Prekliati reportéri 
500 |a Obsahuje biografické údaje o autorovi 
500 |a Preložené z poľštiny 
504 |a Obsahuje bibliografiu a poznámky 
648 7 |a 1989-  |2 SNKPH  |9 276934 
650 0 7 |a sociálne ohrozené skupiny  |2 SNKPH  |9 83816 
650 0 7 |a chudoba  |2 SNKPH  |9 14502 
650 0 7 |a sociálne problémy  |2 SNKPH  |9 4223 
650 0 7 |a People with social disabilities  |2 SNKPHeng  |9 315424 
650 0 7 |a Poverty  |2 SNKPHeng  |9 266501 
650 0 7 |a Social problems  |2 SNKPHeng  |9 266503 
655 7 |a reportáže  |2 SNKPH  |9 28856 
655 7 |a Reportage  |2 SNKPHeng  |9 281562 
700 1 |a Horák, Alexander  |4 trl  |9 79820 
830 0 |a Prekliati reportéri  |9 341144 
852 |a Podtatranská knižnica v Poprade 
852 |a Štátna vedecká knižnica v Banskej Bystrici 
919 |a 978-80-8203-014-6 
958 |a OP 
958 |a NB 
968 |b POL 
999 |c 855953  |d 857883 
952 |a SNK  |b SNK  |y PREZ  |7 0  |p 17A1332460  |o snkSD 87384  |i snk2018/13181  |8 0  |0 0  |1 0  |4 0  |d 2018-06-19  |f 1  |l 0  |r 2026-02-24 04:56:13  |w 2026-02-24 
952 |a SNK  |b SNK  |y VYP  |7 0  |p 17A1332461  |o snkSD 87384 D1  |i snk2018/13182  |8 0  |0 0  |1 0  |4 0  |d 2018-06-19  |l 0  |r 2026-02-24 04:56:13  |w 2026-02-24